000 00277nam a22001217a 4500
008 180208b xxu||||| |||| 00| 0 eng d
041 _aeng
080 _a615.83
100 _a8
101 _aEKZ
245 _aInclusive& special recreation
_cSmith,R.W
942 _2udc
_cBK
999 _c42190
_d42190